Mravná a estetická výchova v rámci učebného predmetu podniková ekonomika na Strednej ekonomickej škole záverečná práca

Salvato in:
Dettagli Bibliografici
Autore principale: Valehrachová, Miroslava
Ente Autore: Vysoká škola ekonomická v Bratislave. Národohospodárska fakulta
Altri autori: Kontšek, Ján
Natura: Libro
Lingua:slovacco
Pubblicazione: Bratislava 1987
Tags: Aggiungi Tag
Nessun Tag, puoi essere il primo ad aggiungerne!!

MARC

LEADER 00000nam a2200000 4500
001 c033014
005 20230116095155.5
041 0 |a slo 
044 |a SK 
245 1 0 |a Mravná a estetická výchova v rámci učebného predmetu podniková ekonomika na Strednej ekonomickej škole  |b záverečná práca  |c Miroslava Valehrachová ; Ved. práce Ján Kontšek 
264 1 |a Bratislava  |c 1987 
300 |a 66 s. 
100 1 |a Valehrachová, Miroslava 
700 1 |a Kontšek, Ján 
710 2 |a Vysoká škola ekonomická v Bratislave. Národohospodárska fakulta